Logo

Description automatically generated
विद्यार्जन
 संसाधन केंद्र, भारतीय प्रौद्योगिकी संस्थान इन्दौर
Learning Resource Center, Indian Institute of Technology Indore

ऑनलाइन सार्वजनिक अभिगम प्रसूची
Online Public Access Catalogue (OPAC)

Machine, platform, crowd : harnessing our digital future (Record no. 57197)

MARC details
000 -LEADER
fixed length control field 00635nam a2200205Ia 4500
005 - DATE AND TIME OF LATEST TRANSACTION
control field 20260616173546.0
008 - FIXED-LENGTH DATA ELEMENTS--GENERAL INFORMATION
fixed length control field 260616s9999||||xx |||||||||||||| ||und||
020 ## - INTERNATIONAL STANDARD BOOK NUMBER
International Standard Book Number 9780393254297
Qualifying information hb
082 ## - DEWEY DECIMAL CLASSIFICATION NUMBER
Classification number 303.4833
Item number MCA
100 ## - MAIN ENTRY--PERSONAL NAME
Personal name McAfee, Andrew
245 #0 - TITLE STATEMENT
Title Machine, platform, crowd : harnessing our digital future
250 ## - EDITION STATEMENT
Edition statement c.2017
260 ## - PUBLICATION, DISTRIBUTION, ETC.
Place of publication, distribution, etc. New York
Name of publisher, distributor, etc. W.W. Norton
Date of publication, distribution, etc. 2017
300 ## - PHYSICAL DESCRIPTION
Extent 402p. ; 24cm.
653 ## - INDEX TERM--UNCONTROLLED
Uncontrolled term Economic development--Technological innovations
653 ## - INDEX TERM--UNCONTROLLED
Uncontrolled term Information technology--Economic aspects
653 ## - INDEX TERM--UNCONTROLLED
Uncontrolled term Information technology--Social aspects
700 ## - ADDED ENTRY--PERSONAL NAME
Personal name Brynjolfsson, Erik
942 ## - ADDED ENTRY ELEMENTS (KOHA)
Koha item type Book
Holdings
Withdrawn status Lost status Damaged status Not for loan Home library Current library Shelving location Date acquired Source of acquisition Total Checkouts Full call number Barcode Date last seen Price effective from Koha item type
        LRC, IIT Indore LRC, IIT Indore 3rd Floor - General Stack 16/06/2026 Gratis Book Price: USD 28.95   303.4833 MCA G2428 16/06/2026 16/06/2026 Book
Copyright © 2017-2026 Indian Institute of Technology Indore. All Rights Reserved.
Managed & maintained by Learning Resource Center, IIT Indore